[Event "4NCL/Div1/IKHH-SL"]
[Site "Rd6-Birmingham"]
[Date "2000.01.23"]
[Round "6.4"]
[White "Kosten, Anthony"]
[Black "Hennigan, Michael"]
[Result "1-0"]
[WhiteElo "2511"]
[BlackElo "2456"]
[PlyCount "63"]
[EventDate "2000.01.23"]
[SourceDate "2000.01.01"]

1. e4 c5 2. Nc3 Nc6 3. g3 g6 4. Bg2 Bg7 5. d3 d6 6. Be3 e5 7. Qd2 Nge7 8. Nge2
O-O 9. O-O Be6 10. f4 Nd4 11. Rf2 d5 12. f5 gxf5 13. exd5 Nxd5 14. Nxd5 Bxd5
15. Bxd5 Qxd5 16. Nxd4 cxd4 17. Bh6 f4 18. Bxg7 Kxg7 19. gxf4 Kh8 20. h3 Rae8
21. c4 dxc3 22. Qxc3 f6 23. Re1 Rg8+ 24. Kh2 Re7 25. Ree2 Reg7 26. Qc4 Qd7 27.
fxe5 fxe5 28. Qe4 Rg5 29. h4 Rh5 30. Rg2 Rf8 31. Ref2 Rhf5 32. Qg4 {time} 1-0

[Event "4NCL/Div1/IKHH-SL"]
[Site "Rd6-Birmingham"]
[Date "2000.01.23"]
[Round "6.5"]
[White "Ledger, Andrew"]
[Black "Summerscale, Aaron"]
[Result "1-0"]
[WhiteElo "2420"]
[BlackElo "2430"]
[PlyCount "79"]
[EventDate "2000.01.23"]
[SourceDate "2000.01.01"]

1. e4 c6 2. d4 d5 3. e5 c5 4. dxc5 e6 5. Nf3 Bxc5 6. Bd3 Nc6 7. O-O Nge7 8. a3
Ng6 9. Re1 Bd7 10. b4 Be7 11. Bb2 O-O 12. Nbd2 b5 13. Bxb5 Ncxe5 14. Bxd7 Nxd7
15. c4 Nf4 16. Qb3 Bf6 17. Bxf6 Qxf6 18. cxd5 Nxd5 19. Rac1 Rfc8 20. Qa4 Qd8
21. Ne4 N7f6 22. Nc5 Qc7 23. Qa6 Qb6 24. g3 Qxa6 25. Nxa6 Nc3 26. Kg2 Nfd5 27.
Nd4 Kf8 28. Rc2 Rc4 29. Nb3 Rc6 30. Nac5 Ke8 31. Na5 Rcc8 32. Rec1 Nb5 33. a4
Nd4 34. Rc4 Nf5 35. b5 Nfe7 36. Nab7 Rab8 37. Nd6+ Kf8 38. Nd7+ Kg8 39. Nxb8
Rxb8 40. Nc8 1-0

[Event "4NCL/Div1/IKHH-SL"]
[Site "Rd6-Birmingham"]
[Date "2000.01.23"]
[Round "6.6"]
[White "Hebden, Mark"]
[Black "McDonald, Neil"]
[Result "1-0"]
[WhiteElo "2493"]
[BlackElo "2438"]
[PlyCount "63"]
[EventDate "2000.01.23"]
[SourceDate "2000.01.01"]

1. d4 d5 2. c4 e6 3. Nf3 Nf6 4. Bg5 Be7 5. e3 h6 6. Bh4 O-O 7. Nc3 Ne4 8. Bxe7
Qxe7 9. Rc1 c6 10. Bd3 Nxc3 11. Rxc3 dxc4 12. Bxc4 Nd7 13. O-O e5 14. Bb3 Re8
15. Qc2 e4 16. Nd2 Nf6 17. Rc5 Qc7 18. h3 Bd7 19. f4 exf3 20. Rxf3 Qd8 21. Re5
Be6 22. Bxe6 Rxe6 23. Rxe6 fxe6 24. Nc4 Qe7 25. Ne5 a5 26. Qg6 Rc8 27. Rg3 Kf8
28. Nc4 c5 29. Nxa5 c4 30. e4 b6 31. e5 Nd5 32. Qh7 1-0

[Event "4NCL/Div1/IKHH-SL"]
[Site "Rd6-Birmingham"]
[Date "2000.01.23"]
[Round "6.7"]
[White "Black, Richard"]
[Black "McNab, Colin"]
[Result "0-1"]
[WhiteElo "2254"]
[BlackElo "2424"]
[PlyCount "62"]
[EventDate "2000.01.23"]
[SourceDate "2000.01.01"]

1. e4 g6 2. d4 d6 3. Bc4 Bg7 4. Qf3 e6 5. Ne2 Nc6 6. c3 Nf6 7. Bg5 h6 8. Bh4
O-O 9. Nd2 e5 10. d5 Nb8 11. Bd3 Nbd7 12. O-O Qe8 13. b4 Nh5 14. Qe3 f5 15.
exf5 gxf5 16. f3 Ndf6 17. c4 e4 18. Bc2 exf3 19. Qxf3 Ng4 20. h3 Qe3+ 21. Kh1
Qxf3 22. Rxf3 Bxa1 23. hxg4 fxg4 24. Re3 Be5 25. g3 Bf5 26. Bxf5 Rxf5 27. Ne4
Raf8 28. c5 Rf3 29. Rxf3 gxf3 30. Nf4 Nxf4 31. gxf4 Rxf4 0-1

[Event "4NCL/Div1/IKHH-SL"]
[Site "Rd6-Birmingham"]
[Date "2000.01.23"]
[Round "6.8"]
[White "Lalic, Susan"]
[Black "Richards, Heather"]
[Result "1-0"]
[WhiteElo "2318"]
[BlackElo "2086"]
[PlyCount "47"]
[EventDate "2000.01.23"]
[SourceDate "2000.01.01"]

1. e4 e6 2. d4 d5 3. e5 c5 4. c3 Nc6 5. Nf3 Bd7 6. Be2 Nge7 7. Na3 Ng6 8. Nc2
Be7 9. Bd3 O-O 10. h4 cxd4 11. cxd4 Rc8 12. Ng5 Qe8 13. Nxh7 Kxh7 14. h5 Kg8
15. hxg6 fxg6 16. Qg4 Rf5 17. Bd2 Bf8 18. O-O-O Ne7 19. Qe2 a6 20. g4 Rf7 21.
Rh3 Nc6 22. Rdh1 Rf5 23. gxf5 exf5 24. Kb1 1-0

[Event "4NCL/Div1/NWE-WG1"]
[Site "Rd6-Birmingham"]
[Date "2000.01.23"]
[Round "6.2"]
[White "Baburin, Alexander"]
[Black "Lund, Brett"]
[Result "1-0"]
[WhiteElo "2597"]
[BlackElo "2291"]
[PlyCount "63"]
[EventDate "2000.01.23"]
[SourceDate "2000.01.01"]

1. d4 d6 2. g3 f5 3. Bg2 Nf6 4. Nf3 g6 5. O-O Bg7 6. c4 O-O 7. Nc3 Qe8 8. b3 c6
9. Ba3 Na6 10. Qd3 Rb8 11. e4 b5 12. e5 b4 13. exf6 Bxf6 14. Bb2 bxc3 15. Bxc3
Qf7 16. Rfe1 Qg7 17. Rac1 Bb7 18. Qd2 h6 19. d5 cxd5 20. cxd5 Nc5 21. Bxf6 Rxf6
22. Nd4 e5 23. dxe6 Bxg2 24. Kxg2 Qb7+ 25. f3 Qd5 26. Rcd1 f4 27. e7 Re8 28.
Nb5 Qxd2+ 29. Rxd2 Re6 30. Rxe6 Nxe6 31. Nxa7 Rxe7 32. Nc6 1-0

[Event "4NCL/Div1/NWE-WG1"]
[Site "Rd6-Birmingham"]
[Date "2000.01.23"]
[Round "6.3"]
[White "Kennaugh, Charles"]
[Black "Emms, John"]
[Result "0-1"]
[WhiteElo "2290"]
[BlackElo "2546"]
[PlyCount "68"]
[EventDate "2000.01.23"]
[SourceDate "2000.01.01"]

1. e4 c5 2. Nf3 Nc6 3. Nc3 e6 4. g3 a6 5. Bg2 Qc7 6. O-O d6 7. d4 cxd4 8. Nxd4
Nf6 9. Be3 Be7 10. Qe2 O-O 11. Rad1 Bd7 12. Kh1 b5 13. a3 Rab8 14. f4 Rfe8 15.
Nb3 b4 16. axb4 Nxb4 17. Rd2 Nxc2 18. Rxc2 Rxb3 19. e5 dxe5 20. Nd5 Qa5 21.
Nxe7+ Rxe7 22. Bc5 Re8 23. Qxe5 Qa4 24. Rd2 Bc6 25. Bd4 Bxg2+ 26. Kxg2 Qc6+ 27.
Kg1 h6 28. Bc3 Qb6+ 29. Kg2 Rb5 30. Qe2 Qb7+ 31. Qf3 Nd5 32. Bd4 Rb3 33. Bc3
Ne3+ 34. Kg1 Nxf1 0-1

[Event "4NCL/Div1/NWE-WG1"]
[Site "Rd6-Birmingham"]
[Date "2000.01.23"]
[Round "6.4"]
[White "Ward, Chris"]
[Black "Quillan, Gary"]
[Result "1-0"]
[WhiteElo "2473"]
[BlackElo "2349"]
[PlyCount "81"]
[EventDate "2000.01.23"]
[SourceDate "2000.01.01"]

1. d4 Nf6 2. c4 c5 3. d5 e6 4. Nc3 exd5 5. cxd5 d6 6. e4 g6 7. f4 Bg7 8. Bb5+
Bd7 9. e5 dxe5 10. fxe5 Nh5 11. Nf3 O-O 12. Bxd7 Nxd7 13. g4 Nxe5 14. gxh5
Nxf3+ 15. Qxf3 Qh4+ 16. Kf1 Bxc3 17. bxc3 Qc4+ 18. Kf2 Rfe8 19. Bf4 Re4 20. Bg3
Qxd5 21. Rhd1 Qc4 22. Rd2 Rae8 23. h6 f5 24. Rad1 b5 25. Qd3 Qf7 26. Qd5 R4e6
27. Bh4 f4 28. Qd7 Qf8 29. Qxe6+ Rxe6 30. Rd8 Re3 31. Rxf8+ Kxf8 32. Rd8+ Kf7
33. Rd7+ Ke6 34. Re7+ Kd5 35. Rxe3 fxe3+ 36. Kxe3 Kc4 37. Bf6 a5 38. a3 a4 39.
Be7 Kd5 40. Kf4 c4 41. Bh4 1-0

[Event "4NCL/Div1/NWE-WG1"]
[Site "Rd6-Birmingham"]
[Date "2000.01.23"]
[Round "6.6"]
[White "Sowray, Peter"]
[Black "James, Dale"]
[Result "0-1"]
[WhiteElo "2358"]
[BlackElo "2239"]
[PlyCount "100"]
[EventDate "2000.01.23"]
[SourceDate "2000.01.01"]

1. e4 c5 2. Nf3 Nc6 3. d4 cxd4 4. Nxd4 g6 5. c4 Bg7 6. Be3 d6 7. Nc3 h5 8. Be2
Nf6 9. h3 O-O 10. O-O Be6 11. Nxe6 fxe6 12. Qb3 b6 13. Rad1 Qc8 14. Qb5 Nh7 15.
f4 Na5 16. c5 dxc5 17. e5 Re8 18. Rf3 Nf8 19. Rg3 Rd8 20. Rxd8 Qxd8 21. Bf3 Rc8
22. Be4 c4 23. Qa4 b5 24. Nxb5 h4 25. Rg4 c3 26. Nxc3 Nc4 27. Bf2 Nxb2 28. Qc2
Na4 29. Qxa4 Rxc3 30. Bxh4 Qb6+ 31. Kh2 Rc1 32. Rg5 Qe3 33. Bf3 Bh6 34. Kg3
Bxg5 35. Bxg5 Kf7 36. Kg4 Qc5 37. Qb3 Rc4 38. Qb8 Nd7 39. Qh8 Nxe5+ 40. Kg3
Nxf3 41. Kxf3 Qd5+ 42. Kg3 Qd3+ 43. Kh4 Qd4 44. Qb8 Qf2+ 45. g3 Rc3 46. f5 Qd4+
47. Bf4 Qf6+ 48. Bg5 Qd4+ 49. Bf4 exf5 50. Qa8 Rc4 0-1

[Event "4NCL/Div1/NWE-WG1"]
[Site "Rd6-Birmingham"]
[Date "2000.01.23"]
[Round "6.7"]
[White "Sheldon, Ruth"]
[Black "Pein, Malcolm"]
[Result "1/2-1/2"]
[WhiteElo "2281"]
[BlackElo "2436"]
[PlyCount "66"]
[EventDate "2000.01.23"]
[SourceDate "2000.01.01"]

1. d4 Nf6 2. c4 g6 3. Nc3 d5 4. cxd5 Nxd5 5. e4 Nxc3 6. bxc3 Bg7 7. Be3 c5 8.
Qd2 Qa5 9. Rc1 O-O 10. Nf3 Bg4 11. Ng5 cxd4 12. cxd4 Qxd2+ 13. Kxd2 h6 14. h3
Bd7 15. Nf3 e6 16. Bd3 Nc6 17. Rb1 b6 18. Rhc1 Rfd8 19. Ke2 Be8 20. Bb5 Rac8
21. Ba6 Rc7 22. Kf1 Re7 23. e5 Nb8 24. Be2 Bc6 25. Nd2 Red7 26. Nc4 Bf8 27. Rc3
Kg7 28. f4 Bd5 29. Bf2 Be7 30. a4 Nc6 31. Nd2 Bb4 32. Rc2 Bxd2 33. Rxd2 Be4
1/2-1/2

[Event "4NCL/Div1/NWE-WG1"]
[Site "Rd6-Birmingham"]
[Date "2000.01.23"]
[Round "6.8"]
[White "Jackson, Sheila"]
[Black "Hague, Ben"]
[Result "1/2-1/2"]
[WhiteElo "2186"]
[BlackElo "2200"]
[PlyCount "52"]
[EventDate "2000.01.23"]
[SourceDate "2000.01.01"]

1. e4 g6 2. d4 Bg7 3. Nc3 d6 4. Nf3 c6 5. a4 Nf6 6. Be2 O-O 7. h3 Nbd7 8. O-O
Qc7 9. Be3 b6 10. Qd2 Bb7 11. Bh6 a6 12. Rfe1 Rad8 13. Rad1 Rfe8 14. Bxg7 Kxg7
15. Bf1 e5 16. dxe5 dxe5 17. Qd6 Qc8 18. Qa3 Nc5 19. Rxd8 Qxd8 20. a5 Ncd7 21.
axb6 Qxb6 22. Bc4 h6 23. Qa2 Re7 24. Qa3 Re8 25. Qa2 Re7 26. Qa3 Re8 1/2-1/2

[Event "4NCL/Div1/RIC-BAR"]
[Site "Rd6-Birmingham"]
[Date "2000.01.23"]
[Round "6.1"]
[White "Williams, Simon"]
[Black "Collinson, Adam"]
[Result "0-1"]
[WhiteElo "2362"]
[BlackElo "2405"]
[PlyCount "62"]
[EventDate "2000.01.23"]
[SourceDate "2000.01.01"]

1. f4 g6 2. Nf3 Bg7 3. e3 Nf6 4. Be2 d6 5. O-O O-O 6. Nc3 b6 7. Qe1 e6 8. e4
Bb7 9. d3 c5 {(Draw offer)} 10. Qh4 Nc6 11. f5 Nd4 12. Bh6 Nxe4 13. Qxd8 Rfxd8
14. Bxg7 Nxc3 15. Nxd4 Nxe2+ 16. Nxe2 Kxg7 17. f6+ Kf8 18. g4 e5 19. Ng3 Ke8
20. g5 Kd7 21. h4 h6 22. c3 hxg5 23. hxg5 Rh8 24. Rae1 Rh3 25. Re3 Rah8 26. d4
Rh2 27. Re2 Rxe2 28. Nxe2 Rh1+ 29. Kf2 Rh2+ 30. Ke3 Rxe2+ 31. Kxe2 Ba6+ 0-1

[Event "4NCL/Div1/RIC-BAR"]
[Site "Rd6-Birmingham"]
[Date "2000.01.23"]
[Round "6.2"]
[White "Crouch, Colin"]
[Black "Bates, Richard"]
[Result "1/2-1/2"]
[WhiteElo "2424"]
[BlackElo "2368"]
[PlyCount "110"]
[EventDate "2000.01.23"]
[SourceDate "2000.01.01"]

1. d4 Nf6 2. c4 g6 3. Nc3 Bg7 4. e4 d6 5. Nf3 O-O 6. h3 a5 7. Bg5 Na6 8. Be2
Qe8 9. e5 dxe5 10. dxe5 Nd7 11. Nd5 f6 12. exf6 exf6 13. Be3 c6 14. Nc3 Qe7 15.
O-O Ndc5 16. Qd4 f5 17. Bg5 Qxg5 18. Qxg7+ Kxg7 19. Nxg5 h6 20. Nf3 Kf6 21.
Rad1 Be6 22. Rd6 Rad8 23. Rfd1 Rxd6 24. Rxd6 Rf7 25. Kf1 Rd7 26. Rxd7 Bxd7 27.
Ke1 g5 28. Kd2 Nc7 29. a3 a4 30. Bd1 Be6 31. Nxa4 Ne4+ 32. Ke1 Bxc4 33. Bc2 Nd6
34. Nc5 Bd5 35. Ke2 Ne6 36. Nxe6 Kxe6 37. g4 fxg4 38. hxg4 Nc4 39. Nd4+ Ke5 40.
Nf5 Nxb2 41. Nxh6 Kf4 42. a4 c5 43. Nf5 Bc6 44. a5 Bf3+ 45. Ke1 Nc4 46. a6 bxa6
47. Bd3 Bd5 48. Ne7 Ke5 49. f4+ gxf4 50. g5 Nd6 51. g6 Ne8 52. Nxd5 Kxd5 53.
Bxa6 c4 54. Ke2 Kd4 55. Bxc4 Kxc4 1/2-1/2

[Event "4NCL/Div1/RIC-BAR"]
[Site "Rd6-Birmingham"]
[Date "2000.01.23"]
[Round "6.3"]
[White "Wall, Gavin"]
[Black "Rogers, Jonathan"]
[Result "1-0"]
[WhiteElo "2352"]
[BlackElo "2340"]
[PlyCount "121"]
[EventDate "2000.01.23"]
[SourceDate "2000.01.01"]

1. e4 e5 2. Nf3 d5 3. exd5 Bd6 4. d4 e4 5. Ne5 Nf6 6. c4 O-O 7. Nc3 Re8 8. Be2
c5 9. dxc6 Nxc6 10. Nxc6 bxc6 11. Bg5 h6 12. Bh4 Bf4 13. O-O Rb8 14. b3 e3 15.
fxe3 Bxe3+ 16. Bf2 Qa5 17. Qc2 Bg4 18. Bd3 Rbd8 19. Bxe3 Rxe3 20. Qd2 Re7 21.
h3 Qb6 22. c5 Qb4 23. Rf4 Be2 24. Bxe2 Nd5 25. Re4 Rde8 26. Rxe7 Rxe7 27. Rc1
Nxc3 28. Qxc3 Qxc3 29. Rxc3 Rxe2 30. b4 Rd2 31. b5 Rxd4 32. bxc6 Rd8 33. Ra3
Rc8 34. Rxa7 Rxc6 35. Ra5 Kf8 36. Kf2 Re6 37. Rb5 Ra6 38. Rb2 Ke7 39. Rd2 Ra5
40. Rc2 Ra3 41. c6 Kd8 42. c7+ Kc8 43. Ke2 f5 44. Kf2 f4 45. Rc6 Rxa2+ 46. Kf3
g5 47. Rxh6 Ra3+ 48. Kf2 Ra2+ 49. Kg1 Kxc7 50. Rf6 Ra5 51. h4 gxh4 52. Rxf4 h3
53. gxh3 Ra2 54. Rd4 Kc6 55. h4 Kc5 56. Rd3 Kc4 57. Rd8 Re2 58. h5 Re5 59. h6
Re7 60. Rh8 Kd3 61. h7 1-0

[Event "4NCL/Div1/RIC-BAR"]
[Site "Rd6-Birmingham"]
[Date "2000.01.23"]
[Round "6.4"]
[White "Knott, Simon"]
[Black "Quinn, Mark"]
[Result "1/2-1/2"]
[WhiteElo "2351"]
[BlackElo "2388"]
[PlyCount "34"]
[EventDate "2000.01.23"]
[SourceDate "2000.01.01"]

1. c4 e6 2. Nc3 Bb4 3. Qb3 Qe7 4. a3 Bxc3 5. Qxc3 Nf6 6. b4 b6 7. Bb2 Bb7 8.
Nf3 d6 9. g3 Nbd7 10. Bg2 O-O 11. O-O c5 12. d3 a6 13. a4 Rab8 14. b5 d5 15. e3
a5 16. Rae1 dxc4 17. dxc4 Be4 1/2-1/2

[Event "4NCL/Div1/RIC-BAR"]
[Site "Rd6-Birmingham"]
[Date "2000.01.23"]
[Round "6.5"]
[White "Webb, Laurence"]
[Black "Dishman, Stephen"]
[Result "1/2-1/2"]
[WhiteElo "2241"]
[BlackElo "2364"]
[PlyCount "34"]
[EventDate "2000.01.23"]
[SourceDate "2000.01.01"]

1. e4 c5 2. Nf3 Nc6 3. Bb5 g6 4. O-O Bg7 5. Re1 Nf6 6. e5 Nd5 7. Nc3 Nc7 8.
Bxc6 dxc6 9. Ne4 Ne6 10. d3 O-O 11. Be3 b6 12. Qd2 Nd4 13. Nxd4 cxd4 14. Bh6 c5
15. Qf4 Bb7 16. Qh4 f6 17. Re2 Bxh6 1/2-1/2

[Event "4NCL/Div1/RIC-BAR"]
[Site "Rd6-Birmingham"]
[Date "2000.01.23"]
[Round "6.6"]
[White "Palliser, Richard"]
[Black "Phillips, Roy"]
[Result "1-0"]
[WhiteElo "2322"]
[BlackElo "2257"]
[PlyCount "85"]
[EventDate "2000.01.23"]
[SourceDate "2000.01.01"]

1. d4 d5 2. c4 e6 3. Nc3 Nf6 4. cxd5 exd5 5. Bg5 c6 6. Qc2 Na6 7. a3 Be7 8. e3
Nc7 9. Bd3 h6 10. Bh4 O-O 11. Nge2 Nh5 12. Bxe7 Qxe7 13. O-O Bg4 14. b4 Bxe2
15. Qxe2 Nf6 16. b5 c5 17. dxc5 Qxc5 18. Qb2 Ne6 19. Ne2 Rfe8 20. Bf5 Qb6 21.
a4 a5 22. Rfc1 Ng5 23. Qd4 Qxd4 24. Nxd4 g6 25. Bd3 Rac8 26. Nb3 b6 27. Rc6 Nd7
28. Rac1 Rcd8 29. Nd4 Ne5 30. R6c3 Nxd3 31. Rxd3 Rd7 32. f3 Ne6 33. Nxe6 fxe6
34. Rc6 Kf7 35. e4 Red8 36. e5 Rb8 37. f4 Rbb7 38. Kf2 Ke7 39. Rh3 h5 40. g4
hxg4 41. Rh7+ Kd8 42. Rh8+ Ke7 43. Rcc8 1-0

[Event "4NCL/Div1/RIC-BAR"]
[Site "Rd6-Birmingham"]
[Date "2000.01.23"]
[Round "6.7"]
[White "Franklin, Michael"]
[Black "Pritchett, Craig"]
[Result "0-1"]
[WhiteElo "2239"]
[BlackElo "2313"]
[PlyCount "80"]
[EventDate "2000.01.23"]
[SourceDate "2000.01.01"]

1. d4 Nf6 2. Nf3 e6 3. e3 c5 4. c3 b6 5. Nbd2 Be7 6. Bd3 Ba6 7. Bxa6 Nxa6 8.
Qe2 Nc7 9. dxc5 bxc5 10. e4 d5 11. O-O O-O 12. c4 Re8 13. b3 a5 14. Bb2 d4 15.
e5 Nd7 16. Ne1 f5 17. f4 Na6 18. Rf3 Nb4 19. Rh3 a4 20. a3 Nc6 21. bxa4 g6 22.
g4 Nb6 23. gxf5 exf5 24. Nd3 Na5 25. Rf1 Bf8 26. Bc1 Nxa4 27. Rf2 Ra7 28. Rg2
Nc3 29. Qh5 Rg7 30. Qh6 Qd7 31. Nf3 Ne4 32. Nh4 Nxc4 33. Kh1 Ne3 34. Bxe3 dxe3
35. Nxg6 Qxd3 36. Qxh7+ Rxh7 37. Ne7+ Kf7 38. Rxh7+ Ke6 39. Rg6+ Kd7 40. Nd5+
Re7 0-1

[Event "4NCL/Div1/RIC-BAR"]
[Site "Rd6-Birmingham"]
[Date "2000.01.23"]
[Round "6.8"]
[White "Lauterbach, Ingrid"]
[Black "Lusher, Claire"]
[Result "1-0"]
[WhiteElo "2182"]
[BlackElo "1592"]
[PlyCount "73"]
[EventDate "2000.01.23"]
[SourceDate "2000.01.01"]

1. Nf3 d5 2. g3 c5 3. Bg2 Bf5 4. d3 Nf6 5. O-O e6 6. Nbd2 Nc6 7. c3 Qb6 8. Qa4
Be7 9. e4 Bg6 10. Ne5 O-O 11. Nxg6 hxg6 12. Nf3 Qc7 13. Bf4 Bd6 14. Bg5 Nd7 15.
Rad1 Nb6 16. Qc2 Be7 17. Bf4 Bd6 18. Bc1 dxe4 19. dxe4 e5 20. b3 c4 21. Be3
cxb3 22. axb3 Rfd8 23. c4 Nb4 24. Qc3 Nd7 25. Rxd6 Qxd6 26. c5 Na2 27. Qb2 Nxc5
28. Bxc5 Qxc5 29. Qxa2 Rd3 30. b4 Qxb4 31. Nxe5 Rb3 32. Nxf7 a5 33. e5 Kf8 34.
Nd6 Rb8 35. Qc2 Rc3 36. Qxg6 Rc7 37. Qf5+ {time} 1-0

[Event "4NCL/Div1/SWR-WG2"]
[Site "Rd6-Birmingham"]
[Date "2000.01.23"]
[Round "6.1"]
[White "Jonkman, Harmen"]
[Black "Levitt, Jon"]
[Result "1-0"]
[WhiteElo "2446"]
[BlackElo "2433"]
[PlyCount "99"]
[EventDate "2000.01.23"]
[SourceDate "2000.01.01"]

1. e4 e6 2. d4 d5 3. e5 c5 4. c3 Nc6 5. Be3 Qb6 6. Qd2 Nh6 7. Nf3 cxd4 8. cxd4
Nf5 9. Bd3 Nxe3 10. fxe3 Be7 {(Draw offer)} 11. Nc3 O-O 12. O-O Bd7 13. Rac1
Rac8 14. Kh1 f6 15. exf6 Bxf6 16. Qc2 h6 17. Qd2 Qb4 18. Bb1 Qe7 19. Rce1 g5
20. e4 Qg7 21. exd5 Nxd4 22. dxe6 Bxe6 23. Ne4 Nxf3 24. Nxf6+ Rxf6 25. Rxf3
Rxf3 26. gxf3 Qf7 27. Be4 Re8 {(Draw offer)} 28. Qd6 Bf5 29. Kg2 Bxe4 30. Rxe4
Rxe4 31. fxe4 Kg7 32. e5 Qf5 33. Qd5 Qg4+ 34. Kf2 Qf4+ 35. Kg2 Qg4+ 36. Kh1 Qc8
37. Qd4 Qc6+ 38. Kg1 Qb6 39. Qxb6 axb6 40. Kf2 Kg6 41. Ke3 Kf5 42. Kd4 Ke6 43.
a4 Ke7 44. Kd5 Kd7 45. e6+ Ke7 46. Ke5 h5 47. Kf5 g4 48. b3 b5 49. axb5 b6 50.
b4 1-0

[Event "4NCL/Div1/SWR-WG2"]
[Site "Rd6-Birmingham"]
[Date "2000.01.23"]
[Round "6.2"]
[White "Tiller, Bjorn"]
[Black "Davies, Nigel"]
[Result "0-1"]
[WhiteElo "2382"]
[BlackElo "2497"]
[PlyCount "56"]
[EventDate "2000.01.23"]
[SourceDate "2000.01.01"]

1. e4 c5 2. d3 Nc6 3. f4 g6 4. Nf3 Bg7 5. c3 d6 6. g3 e5 7. Bg2 Nge7 8. O-O O-O
9. f5 gxf5 10. Nh4 fxe4 11. dxe4 f6 12. Be3 Be6 13. Nf5 Nxf5 14. exf5 Bf7 15.
g4 Qe7 16. Bd5 Rad8 17. c4 Nb4 18. Nc3 Kh8 19. h4 Rg8 20. Kh1 b5 21. b3 e4 22.
g5 Bxd5 23. Nxd5 Nxd5 24. Qxd5 fxg5 25. hxg5 Bxa1 26. Rxa1 Rxg5 27. f6 Rxd5 28.
fxe7 Rh5+ 0-1

[Event "4NCL/Div1/SWR-WG2"]
[Site "Rd6-Birmingham"]
[Date "2000.01.23"]
[Round "6.3"]
[White "Marusenko, Petr"]
[Black "Law, Andrew"]
[Result "1/2-1/2"]
[WhiteElo "2372"]
[BlackElo "2304"]
[PlyCount "61"]
[EventDate "2000.01.23"]
[SourceDate "2000.01.01"]

1. e4 e5 2. Nf3 Nc6 3. d4 exd4 4. Nxd4 Nf6 5. Nxc6 bxc6 6. e5 Qe7 7. Qe2 Nd5 8.
c4 Nb6 9. Nc3 Qe6 10. Qe4 Ba6 11. b3 Bb4 12. Bd2 Bxc3 13. Bxc3 d5 14. Qh4 dxc4
15. Be2 Nd5 16. Bxc4 Bxc4 17. Qxc4 O-O 18. O-O Rfe8 19. Bb2 Qg6 20. Rae1 Rab8
21. Qe4 Nb4 22. f4 Qxe4 23. Rxe4 Nxa2 24. Ra4 Nb4 25. Rxa7 Nd5 26. Rf3 g6 27.
h4 Rb4 28. h5 Rxf4 29. Rxf4 Nxf4 30. Rxc7 gxh5 31. Rxc6 1/2-1/2

[Event "4NCL/Div1/SWR-WG2"]
[Site "Rd6-Birmingham"]
[Date "2000.01.23"]
[Round "6.4"]
[White "Lee, Graham"]
[Black "Dunnington, Angus"]
[Result "1/2-1/2"]
[WhiteElo "2328"]
[BlackElo "2372"]
[PlyCount "73"]
[EventDate "2000.01.23"]
[SourceDate "2000.01.01"]

1. e4 g6 2. d4 c6 3. Nc3 d5 4. e5 Bg7 5. h3 f6 6. exf6 exf6 7. Nf3 Ne7 8. Be2
O-O 9. Bf4 Na6 10. Qd2 Nc7 11. O-O-O Ne6 12. Bh6 Bxh6 13. Qxh6 Qc7 14. g3 Nf5
15. Qd2 Qg7 16. Kb1 Qh6 17. Qd3 Nd6 18. Nh2 Ng5 19. Ng4 Qg7 20. h4 Bf5 21. Qd2
Bxg4 22. Bxg4 Nge4 23. Nxe4 Nxe4 24. Qf4 f5 25. Bh3 Rae8 26. c3 Nf6 27. Rde1
Re4 28. Qd2 Rfe8 29. f3 Rxe1+ 30. Rxe1 Rxe1+ 31. Qxe1 Qc7 32. g4 fxg4 33. Qe6+
Qf7 34. Qc8+ Qf8 35. Qxf8+ Kxf8 36. fxg4 g5 37. hxg5 1/2-1/2

[Event "4NCL/Div1/SWR-WG2"]
[Site "Rd6-Birmingham"]
[Date "2000.01.23"]
[Round "6.5"]
[White "Dunworth, Chris"]
[Black "Norris, Alan"]
[Result "1/2-1/2"]
[WhiteElo "2304"]
[BlackElo "2337"]
[PlyCount "26"]
[EventDate "2000.01.23"]
[SourceDate "2000.01.01"]

1. d4 e6 2. e4 d5 3. e5 c5 4. c3 Nc6 5. Nf3 Nh6 6. Bd3 Nf5 7. Bxf5 exf5 8. O-O
Be6 9. Re1 Qb6 10. Qb3 Qxb3 11. axb3 cxd4 12. Nxd4 Nxd4 13. cxd4 Be7 1/2-1/2

[Event "4NCL/Div1/SWR-WG2"]
[Site "Rd6-Birmingham"]
[Date "2000.01.23"]
[Round "6.6"]
[White "Yastrebov, Alexander"]
[Black "Gayson, Peter"]
[Result "1/2-1/2"]
[WhiteElo "2178"]
[BlackElo "2241"]
[PlyCount "57"]
[EventDate "2000.01.23"]
[SourceDate "2000.01.01"]

1. e4 c5 2. Nf3 e6 3. c3 d5 4. exd5 exd5 5. d4 Nf6 6. Bb5+ Bd7 7. Bxd7+ Nbxd7
8. O-O Be7 9. Qb3 b6 10. Ne5 Rc8 11. Qa4 Qc7 12. Bf4 Qb7 13. dxc5 Bxc5 14. Nxd7
Qxd7 15. Re1+ Ne4 16. Qxd7+ Kxd7 17. Be3 Rhe8 18. Nd2 Bxe3 19. Nxe4 Rxe4 20.
fxe3 Rce8 21. Kf2 f5 22. Rad1 Kc6 23. Rd4 b5 24. Re2 g5 25. g3 h5 26. Red2 R8e5
27. R2d3 a6 28. Kf3 Kd6 29. Kf2 1/2-1/2

[Event "4NCL/Div1/SWR-WG2"]
[Site "Rd6-Birmingham"]
[Date "2000.01.23"]
[Round "6.7"]
[White "Dearing, Eddie"]
[Black "Tan, Desmond"]
[Result "1/2-1/2"]
[WhiteElo "2263"]
[BlackElo "2182"]
[PlyCount "71"]
[EventDate "2000.01.23"]
[SourceDate "2000.01.01"]

1. d4 Nf6 2. c4 e6 3. Nc3 Bb4 4. Qc2 d5 5. cxd5 exd5 6. Bg5 c5 7. dxc5 h6 8.
Bh4 g5 9. Bg3 Ne4 10. e3 Qa5 11. Nge2 Bf5 12. Be5 O-O 13. Nd4 Nxc3 14. Nxf5
Ne4+ 15. Kd1 Nc6 16. Bd6 Rfd8 17. Nxh6+ Kg7 18. Nf5+ Kf6 19. f3 Bxc5 20. Bxc5
Qxc5 21. fxe4 dxe4+ 22. Nd4 Nxd4 23. Qxc5 Nb3+ 24. Qd4+ Rxd4+ 25. exd4 Nxa1 26.
Bc4 Rc8 27. Rf1+ Kg7 28. Rxf7+ Kg6 29. Be6 Rc2 30. Rxb7 e3 31. Bd5 Rd2+ 32. Kc1
Rc2+ 33. Kd1 Rd2+ 34. Kc1 Rc2+ 35. Kd1 Rd2+ 36. Kc1 1/2-1/2

[Event "4NCL/Div1/SWR-WG2"]
[Site "Rd6-Birmingham"]
[Date "2000.01.23"]
[Round "6.8"]
[White "Lazhevskaya, Zhanna"]
[Black "Forbes, Cathy"]
[Result "0-1"]
[WhiteElo "2051"]
[BlackElo "2089"]
[PlyCount "100"]
[EventDate "2000.01.23"]
[SourceDate "2000.01.01"]

1. e4 c5 2. Nf3 e6 3. Nc3 a6 4. d4 cxd4 5. Nxd4 Qc7 6. Be3 Nf6 7. f3 Bb4 8. Qd2
d5 9. Bg5 e5 10. Bxf6 gxf6 11. exd5 exd4 12. Qxd4 Qe5+ 13. Qxe5+ fxe5 14. Bd3
Nd7 15. O-O-O Bxc3 16. bxc3 O-O 17. Rhe1 f6 18. f4 Re8 19. Re3 Nc5 20. fxe5
Rxe5 21. Rxe5 fxe5 22. Re1 Nxd3+ 23. cxd3 Bf5 24. Kd2 Re8 25. g4 Bd7 26. c4 Kf7
27. h3 Kf6 28. Rf1+ Ke7 29. Rb1 Bc8 30. Rb6 Rf8 31. Ke3 Rf6 32. Rxf6 Kxf6 33.
Ke4 h6 34. Kf3 Bd7 35. Ke4 b6 36. Kf3 a5 37. Ke4 Be8 38. h4 Bg6+ 39. Ke3 Ke7
40. d4 Kd6 41. dxe5+ Kxe5 42. a3 a4 43. g5 h5 44. Kd2 b5 45. Kc3 bxc4 46. Kxc4
Kd6 47. Kd4 Bc2 48. Kc3 Bb3 49. Kd4 Bxd5 50. g6 Bg8 0-1

[Event "4NCL/Div1/SL-GUI"]
[Site "Rd7-Birmingham"]
[Date "2000.03.25"]
[Round "7.1"]
[White "Khenkin, Igor"]
[Black "Conquest, Stuart"]
[Result "1/2-1/2"]
[WhiteElo "2622"]
[BlackElo "2563"]
[PlyCount "96"]
[EventDate "2000.03.25"]
[SourceDate "2000.01.01"]

1. d4 e6 2. c4 f5 3. g3 Nf6 4. Bg2 Bb4+ 5. Nd2 a5 6. a3 Bxd2+ 7. Bxd2 O-O 8.
Rc1 Qe8 9. c5 d6 10. cxd6 cxd6 11. Nf3 Nc6 12. O-O e5 13. Qb3+ Kh8 14. d5 Ne7
15. Ng5 a4 16. Qa2 e4 17. Bb4 Nfxd5 18. Bxd6 Qg6 19. Bxe7 Nxe7 20. h4 h6 21.
Nh3 Be6 22. Qb1 Nd5 23. Rfd1 Qf6 24. e3 g5 25. hxg5 hxg5 26. Rc5 Rad8 27. Qc2
g4 28. Nf4 Nxf4 29. Rxd8 Rxd8 30. gxf4 Bb3 31. Qe2 Rd1+ 32. Bf1 b6 33. Rc8+ Kg7
34. Qb5 Rd6 35. Bc4 Bxc4 36. Qxc4 Kh6 37. Qg8 Qg7 38. Qxg7+ Kxg7 39. Rc4 Rd2
40. Rb4 g3 41. fxg3 Kg6 42. Rb5 {(=)} Kh5 43. Rxf5+ Kg4 44. Rg5+ Kf3 45. f5
Rd1+ 46. Kh2 Rd2+ 47. Kh3 Rd1 48. Kh2 Rd2+ 1/2-1/2